00349nam a2200121Ia 4500008004100000040001600041041001200057082001700069100002300086245007400109260002700183300001700210230917s9999||||xx |||||||||||||| ||und|| e75621aMAIN aEnglish a658.45 D659S aDoctoroff, Michael 0aSynergistic management: Creating the climate for superior preformance aNew YorkbAMACOMc1977 aviii, 159 p.